Nacimiento y desarrollo de la tolerancia en la Europa moderna / (Record no. 164328)

MARC details
000 -LEADER
campo de control de longitud fija 00894nam a22002415i 4500
001 - NÚMERO DE CONTROL
campo de control 164328
003 - IDENTIFICADOR DE NÚMERO DE CONTROL
campo de control ES-MaACL
005 - FECHA Y HORA DE LA ÚLTIMA TRANSACCIÓN
campo de control 20250804062549.0
008 - DATOS DE LONGITUD FIJA--INFORMACIÓN GENERAL
campo de control de longitud fija 150917s1987 sp | |||||||| ||spa d
020 ## - NÚMERO INTERNACIONAL ESTÁNDAR DEL LIBRO
Número Internacional Estándar del Libro 84-206-0247-7
100 0# - ENTRADA PRINCIPAL--NOMBRE DE PERSONA
Nombre de persona Kamen, Henry.
9 (RLIN) 67471
245 10 - MENCIÓN DEL TÍTULO
Título Nacimiento y desarrollo de la tolerancia en la Europa moderna /
Mención de responsabilidad, etc. Henry Kamen ; [traductor, María José del Río].
260 ## - PUBLICACIÓN, DISTRIBUCIÓN, ETC.
Lugar de publicación, distribución, etc. Madrid :
Nombre del editor, distribuidor, etc. Alianza Editorial,
Fecha de publicación, distribución, etc. D.L. 1987.
300 ## - DESCRIPCIÓN FÍSICA
Extensión 253 p. ;
Dimensiones 18 cm.
490 1# - MENCIÓN DE SERIE
Mención de serie El Libro de bolsillo ;
Designación de volumen o secuencia 1247. Sección Humanidades
504 ## - NOTA DE BIBLIOGRAFÍA, ETC.
Nota de bibliografía, etc. Bibliografía: p. 243-245. Índice.
650 04 - PUNTO DE ACCESO ADICIONAL DE MATERIA--TÉRMINO DE MATERIA
Término de materia o nombre geográfico como elemento de entrada Tolerancia.
9 (RLIN) 17547
650 #4 - PUNTO DE ACCESO ADICIONAL DE MATERIA--TÉRMINO DE MATERIA
Término de materia o nombre geográfico como elemento de entrada Libertad religiosa-
Subdivisión geográfica Europa.
9 (RLIN) 157242
700 0# - ENTRADA AGREGADA--NOMBRE PERSONAL
Nombre de persona Río, María José del.
9 (RLIN) 97311
830 03 - PUNTO DE ACCESO ADICIONAL DE SERIE-TÍTULO UNIFORME
Título uniforme El libro de bolsillo
Designación de volumen o secuencia 1247. Sección Humanidades
9 (RLIN) 177802
852 ## - LOCALIZACIÓN
Ubicación ES-MaACL
Número de control de estantería L-30148
Nota libre .- Donat. Miguel A. Velasco
Holdings
Estatus retirado Estado de pérdida Estado de daño No para préstamo Biblioteca de origen Biblioteca actual Ubicación en estantería Fecha de adquisición Fuente de adquisición Total de préstamos Signatura topográfica completa Código de barras Visto por última vez Precio de reemplazo Tipo de ítem Koha
        Biblioteca del Ateneo de Madrid Biblioteca del Ateneo de Madrid Depósito 2 17/08/2015     L-30148 1194028 23/02/2023 23/02/2023 Libro impreso